000 009420000a22001690004500
001 14842
041 0 _aSpa.
082 0 4 _aT R6281c
100 1 _aGamaliel, Roa; Ruiz, Ginna
245 1 0 _aCarta descriptiva para la clase de familia cristiana del instituto ministerial de Medellin / Gamaliel Roa, Ginna Ruiz
260 _aMedellin : Seminario Bíblico de Colombia
300 _a64 Pág.
500 _aAsesor: Fernando Abilio Mosquera Brand, Dr. en filosofía
502 _aTesis (Práctica investigativa para optar el título de teólogo) Fundación Universitaria Seminario Biblico de Colombia, 2007
520 _aIdentificar bases bíblicas acerca de la familia / comunicar las definiciones y conceptos básicos de la familia... / Enseñar los elementos básicos para el funcionamiento de la vida en pareja, a partir del matrímonio / Asesorar a las familias en medio de los momentos ciclo vital que puedan estar viviendo
942 _cBK
999 _c43662
_d43662